000 00944nam a22002175i 4500
001 157639
003 ES-MaACL
005 20250815062539.0
008 040902s1853 sp |||| | spa d
040 _aCAM
_bspa
_cCAM
100 1 _aLetronne, Antoine Jean.
_9128913
245 1 0 _aCurso completo de geografía universal antigua y moderna /
_cpor A. Letronne; traducida al español por J.F. Carbó.
250 _a2ª ed. corr. y aum.
_bcon unos principios de geometría por José Bonet.
260 _aBarcelona :
_bVéndese en la librería de a Sra. Viuda Sierra é Hijo, plaza de la constitución,
_c1853 (
_fImprenta de la Viuda Torner)
300 _aXII, 215 p., [2] h. de map. pleg. ;
_c16 cm.
650 0 7 _aGeografía
_2embne
_913070
700 1 1 _aBonet, José,
_ecorr. y aum.
_930120
700 1 1 _aCarbó, J.F.,
_etrad.
_9126328
852 _aES-MaACL
_jD-471
_z-- Enc. piel roja grabada, con hierros dorados
999 _c157639
_d157639